Southville International School and Colleges
Your cart is empty.
  • Cart
  • Lists
    Public lists Eva Luna New books Lux_list list_1
    Your lists Log in to create your own lists
  • Log in to your account
  • Your cookies
  • Search history
Southville International School and Colleges
  • Advanced search
  • Recent comments
  • Most popular
  • Libraries

Log in to your account

Log in with GOOGLE


If you do not have an external account, but do have a local account, you can still log in:

  1. Home
  2. MARC view: Water - soluble pencils and other aquarelle media /
Normal view MARC view ISBD view

Water - soluble pencils and other aquarelle media / (Record no. 39431)

[ view plain ]
MARC details
000 -LEADER
fixed length control field 00583nam a2200205 a 4500
005 - DATE AND TIME OF LATEST TRANSACTION
control field 20140311163016.0
008 - FIXED-LENGTH DATA ELEMENTS--GENERAL INFORMATION
fixed length control field 070222s19uu xx 00 eng d
020 ## - INTERNATIONAL STANDARD BOOK NUMBER
International Standard Book Number 184448159
050 ## - LIBRARY OF CONGRESS CALL NUMBER
Classification number ND 1040
Item number .J47 2003
100 ## - MAIN ENTRY--PERSONAL NAME
Personal name Jelbert, Wendy
245 ## - TITLE STATEMENT
Title Water - soluble pencils and other aquarelle media /
Statement of responsibility, etc Wendy Jelbert
260 ## - PUBLICATION, DISTRIBUTION, ETC. (IMPRINT)
Place of publication, distribution, etc Great Britain :
Name of publisher, distributor, etc Search Press Limited,
Date of publication, distribution, etc 2003.
300 ## - PHYSICAL DESCRIPTION
Extent 47 p. :
Other physical details ill. col. ;
Dimensions 26 cm.
521 ## - TARGET AUDIENCE NOTE
Target audience note
650 ## - SUBJECT ADDED ENTRY--TOPICAL TERM
Topical term or geographic name as entry element Plants in art.
650 ## - SUBJECT ADDED ENTRY--TOPICAL TERM
Topical term or geographic name as entry element Trees in art.
650 ## - SUBJECT ADDED ENTRY--TOPICAL TERM
Topical term or geographic name as entry element Folwers in art.
942 ## - ADDED ENTRY ELEMENTS (KOHA)
Koha item type Books
Source of classification or shelving scheme Library of Congress Classification
Call number prefix Foreign
Holdings
Withdrawn status Lost status Source of classification or shelving scheme Damaged status Home library Current library Shelving location Date acquired Source of acquisition Total Checkouts Full call number Barcode Date last seen Date checked out Copy number Price effective from Koha item type
    Library of Congress Classification   College Library College Library General Circulation Section 08/24/2010   1 ND 1040 .J47 2003 C8244 05/15/2018 07/28/2014 1 10/10/2013 Books

Water - soluble pencils and other aquarelle media /

APA

Jelbert W., . (2003). Water - soluble pencils and other aquarelle media. Great Britain: Search Press Limited.

Chicago

Jelbert Wendy, . 2003. Water - soluble pencils and other aquarelle media. Great Britain: Search Press Limited.

Harvard

Jelbert W., . (2003). Water - soluble pencils and other aquarelle media. Great Britain: Search Press Limited.

MLA

Jelbert Wendy, . Water - soluble pencils and other aquarelle media. Great Britain: Search Press Limited. 2003.

  • Place hold
  • Print
  • Cite
  • Add to your cart (remove)
  • Save record
    BIBTEX Dublin Core MARCXML MARC (non-Unicode/MARC-8) MARC (Unicode/UTF-8) MARC (Unicode/UTF-8, Standard) MODS (XML) RIS
  • More searches
    Search for this title in:
    Other Libraries (WorldCat) Other Databases (Google Scholar) Online Stores (Bookfinder.com) Open Library (openlibrary.org)

Exporting to Dublin Core...

SOUTHVILLE LIBRARY

Southville International School and Colleges Library

1281 Tropical Ave. Cor. Luxembourg St., BF Homes International, Las Pinas City

Tel. No. 8256374 / 252358 Loc. 117/146

Powered by Koha